[Event "59. Hungria ch 2009"]
[Site "Szeged HUN"]
[Date "2009.08.14"]
[Round "6.5"]
[White "Berczes, David"]
[Black "Gyimesi, Zoltan"]
[Result "1/2-1/2"]
[WhiteElo "2519"]
[BlackElo "2591"]
[PlyCount "75"]
[EventDate "2009.08.09"]
[EventType "tourn"]
[EventRounds "9"]
[EventCountry "HUN"]
[EventCategory "14"]
[Source "lmi"]
[SourceDate "2009.08.09"]

1. d4 Nf6 2. c4 e6 3. Nf3 d5 4. g3 dxc4 5. Bg2 c5 6. O-O Nc6 7. dxc5 Qxd1 8.
Rxd1 Bxc5 9. Nbd2 c3 10. bxc3 Bd7 11. Rb1 O-O-O 12. Ng5 Be8 13. Bb2 Na5 14. Nb3
Rxd1+ 15. Rxd1 Nxb3 16. axb3 h6 17. Nf3 Nd7 18. c4 f6 19. Bc3 Bf7 20. b4 Be7
21. c5 a6 22. Nd4 Nb8 23. Bh3 Rd8 24. Re1 f5 25. e4 Bf6 26. exf5 Rxd4 27. Bxd4
Bxd4 28. fxe6 Be8 29. e7+ Kc7 30. Rd1 Nc6 31. Bg2 Bf6 32. Bxc6 Bxc6 33. Re1 Be8
34. Re6 Kd7 35. Rb6 Kc7 36. Re6 Kd7 37. Rb6 Kc7 38. Re6 1/2-1/2

[Event "59. Hungria ch 2009"]
[Site "Szeged HUN"]
[Date "2009.08.15"]
[Round "7.1"]
[White "Gyimesi, Zoltan"]
[Black "Medvegy, Zoltan"]
[Result "1/2-1/2"]
[WhiteElo "2591"]
[BlackElo "2547"]
[PlyCount "72"]
[EventDate "2009.08.09"]
[EventType "tourn"]
[EventRounds "9"]
[EventCountry "HUN"]
[EventCategory "14"]
[Source "lmi"]
[SourceDate "2009.08.09"]

1. d4 Nf6 2. c4 e6 3. Nf3 b6 4. g3 Bb7 5. Bg2 Be7 6. O-O O-O 7. Nc3 Ne4 8. Bd2
f5 9. Qc2 Bf6 10. Rad1 Nxc3 11. Bxc3 Be4 12. Qd2 d6 13. Ne1 Bxg2 14. Nxg2 Qe8
15. Qd3 Nd7 16. e4 e5 17. exf5 exd4 18. Bxd4 Bxd4 19. Qxd4 Rxf5 20. Rde1 Re5
21. f4 Rxe1 22. Rxe1 Qf7 23. Qe4 Rf8 24. b3 a5 25. Nh4 Nc5 26. Qe3 d5 27. Nf3
dxc4 28. Ne5 Qe6 29. Nxc4 Qxe3+ 30. Rxe3 Rd8 31. Re7 Na6 32. Ne5 Kf8 33. Rf7+
Kg8 34. Re7 Kf8 35. Rf7+ Kg8 36. Re7 Kf8 1/2-1/2

[Event "59. Hungria ch 2009"]
[Site "Szeged HUN"]
[Date "2009.08.15"]
[Round "7.2"]
[White "Berkes, Ferenc"]
[Black "Berczes, David"]
[Result "1-0"]
[WhiteElo "2647"]
[BlackElo "2519"]
[PlyCount "63"]
[EventDate "2009.08.09"]
[EventType "tourn"]
[EventRounds "9"]
[EventCountry "HUN"]
[EventCategory "14"]
[Source "lmi"]
[SourceDate "2009.08.09"]

1. c4 e6 2. g3 Nf6 3. Bg2 d5 4. Nf3 dxc4 5. Qa4+ c6 6. Qxc4 b5 7. Qc2 Bb7 8.
O-O Nbd7 9. Nc3 a6 10. a4 Rc8 11. d3 Be7 12. e4 O-O 13. Be3 Qc7 14. h3 Rfd8 15.
Rfd1 h6 16. Nd2 Qb8 17. Nb3 e5 18. d4 exd4 19. Nxd4 Ne5 20. f4 Nc4 21. Bf2 Bb4
22. e5 Bxc3 23. bxc3 c5 24. Nf5 Bxg2 25. Ne7+ Kh8 26. Nxc8 Nd5 27. Nd6 Rxd6 28.
exd6 Qc8 29. d7 Qxd7 30. Kxg2 Nce3+ 31. Bxe3 Nxe3+ 32. Kf2 1-0

[Event "59. Hungria ch 2009"]
[Site "Szeged HUN"]
[Date "2009.08.15"]
[Round "7.5"]
[White "Ruck, Robert"]
[Black "Erdos, Viktor"]
[Result "1/2-1/2"]
[WhiteElo "2561"]
[BlackElo "2565"]
[PlyCount "53"]
[EventDate "2009.08.09"]
[EventType "tourn"]
[EventRounds "9"]
[EventCountry "HUN"]
[EventCategory "14"]
[Source "lmi"]
[SourceDate "2009.08.09"]

1. Nf3 d5 2. d4 Nf6 3. c4 c6 4. e3 e6 5. b3 Bb4+ 6. Nbd2 Nbd7 7. Bb2 Ne4 8. Bd3
f5 9. O-O O-O 10. a3 Bd6 11. Ne5 Nxe5 12. dxe5 Be7 13. Rc1 a5 14. Nf3 Bd7 15.
Nd4 c5 16. Ne2 dxc4 17. bxc4 Qe8 18. f3 Ng5 19. Nf4 Nf7 20. Qd2 Bg5 21. Nh3 Bc6
22. Bc3 Bd8 23. Qe2 Ng5 24. Nf4 Nf7 25. Nh3 Ng5 26. Nf4 Nf7 27. Nh3 1/2-1/2

[Event "59. Hungria ch 2009"]
[Site "Szeged HUN"]
[Date "2009.08.16"]
[Round "8.1"]
[White "Medvegy, Zoltan"]
[Black "Erdos, Viktor"]
[Result "1/2-1/2"]
[WhiteElo "2547"]
[BlackElo "2565"]
[PlyCount "42"]
[EventDate "2009.08.09"]
[EventType "tourn"]
[EventRounds "9"]
[EventCountry "HUN"]
[EventCategory "14"]
[Source "lmi"]
[SourceDate "2009.08.09"]

1. d4 Nf6 2. c4 e6 3. Nf3 d5 4. Nc3 dxc4 5. e3 a6 6. a4 c5 7. Bxc4 Nc6 8. O-O
Be7 9. dxc5 Bxc5 10. Qxd8+ Kxd8 11. Bd2 Ke7 12. Rfc1 Rd8 13. Be1 b6 14. Ne2 a5
15. Bb5 Bb7 16. Ned4 Nxd4 17. Nxd4 Rac8 18. Nb3 Bd6 19. Nd4 Bc5 20. Nb3 Bd6 21.
Nd4 Bc5 1/2-1/2

[Event "59. Hungria ch 2009"]
[Site "Szeged HUN"]
[Date "2009.08.16"]
[Round "8.3"]
[White "Groszpeter, Attila"]
[Black "Almasi, Zoltan"]
[Result "0-1"]
[WhiteElo "2541"]
[BlackElo "2684"]
[PlyCount "52"]
[EventDate "2009.08.09"]
[EventType "tourn"]
[EventRounds "9"]
[EventCountry "HUN"]
[EventCategory "14"]
[Source "lmi"]
[SourceDate "2009.08.09"]

1. e4 c5 2. Nf3 e6 3. d4 cxd4 4. Nxd4 a6 5. Bd3 Nf6 6. O-O Qc7 7. Qe2 d6 8. Kh1
g6 9. Nc3 Bg7 10. f4 Nbd7 11. f5 Ne5 12. Bg5 O-O 13. Nf3 Nxd3 14. cxd3 exf5 15.
Nh4 h6 16. Bxf6 Bxf6 17. Nd5 Qd8 18. Nxf5 gxf5 19. exf5 Bd7 20. Qh5 Kg7 21. Rf4
Rh8 22. Re1 Bc6 23. Rg4+ Kf8 24. Nf4 Bg5 25. Ne6+ fxe6 26. fxe6 Qf6 0-1

[Event "59. Hungria ch 2009"]
[Site "Szeged HUN"]
[Date "2009.08.16"]
[Round "8.5"]
[White "Gyimesi, Zoltan"]
[Black "Berkes, Ferenc"]
[Result "1/2-1/2"]
[WhiteElo "2591"]
[BlackElo "2647"]
[PlyCount "39"]
[EventDate "2009.08.09"]
[EventType "tourn"]
[EventRounds "9"]
[EventCountry "HUN"]
[EventCategory "14"]
[Source "lmi"]
[SourceDate "2009.08.09"]

1. d4 d5 2. Nf3 Nf6 3. c4 e6 4. e3 c5 5. Nc3 cxd4 6. exd4 Bb4 7. Bd3 dxc4 8.
Bxc4 O-O 9. O-O b6 10. Bg5 Bxc3 11. bxc3 Bb7 12. Ne5 Qc7 13. Bxf6 gxf6 14. Qg4+
Kh8 15. Qh4 fxe5 16. Qf6+ Kg8 17. Qg5+ Kh8 18. Qf6+ Kg8 19. Qg5+ Kh8 20. Qf6+
1/2-1/2

[Event "59. Hungria ch 2009"]
[Site "Szeged HUN"]
[Date "2009.08.17"]
[Round "9.1"]
[White "Berkes, Ferenc"]
[Black "Medvegy, Zoltan"]
[Result "1/2-1/2"]
[WhiteElo "2647"]
[BlackElo "2547"]
[PlyCount "97"]
[EventDate "2009.08.09"]
[EventType "tourn"]
[EventRounds "9"]
[EventCountry "HUN"]
[EventCategory "14"]
[Source "lmi"]
[SourceDate "2009.08.09"]

1. d4 Nf6 2. Nf3 e6 3. c4 b6 4. a3 Bb7 5. Nc3 d5 6. Bf4 Bd6 7. Bg3 O-O 8. e3
Qe7 9. Bh4 Nbd7 10. cxd5 exd5 11. Nb5 c5 12. Nxd6 Qxd6 13. dxc5 bxc5 14. Be2 a5
15. O-O Ba6 16. Rc1 Qb6 17. Bxa6 Rxa6 18. Qc2 Rb8 19. Rfd1 Qxb2 20. Qxb2 Rxb2
21. Bxf6 Nxf6 22. Rxc5 Ra8 23. Rdc1 h6 24. Nd4 Ra2 25. Nb5 Rb8 26. h3 Kh7 27.
Nc3 Rxa3 28. Nxd5 Nxd5 29. Rxd5 Rb7 30. h4 Ra7 31. h5 Rb3 32. Rc8 a4 33. Rdd8
g5 34. e4 Rb1+ 35. Kh2 Re1 36. Rh8+ Kg7 37. Rcg8+ Kf6 38. Rxh6+ Ke7 39. Rhh8 a3
40. Ra8 Rxa8 41. Rxa8 Rxe4 42. Rxa3 Kf6 43. Rg3 Ra4 44. f3 Ra8 45. Rh3 Kg7 46.
g4 Kh6 47. Rg3 Ra3 48. Kh3 f5 49. gxf5 1/2-1/2

[Event "59. Hungria ch 2009"]
[Site "Szeged HUN"]
[Date "2009.08.17"]
[Round "9.2"]
[White "Prohaszka, Peter"]
[Black "Gyimesi, Zoltan"]
[Result "1/2-1/2"]
[WhiteElo "2508"]
[BlackElo "2591"]
[PlyCount "166"]
[EventDate "2009.08.09"]
[EventType "tourn"]
[EventRounds "9"]
[EventCountry "HUN"]
[EventCategory "14"]
[Source "lmi"]
[SourceDate "2009.08.09"]

1. Nf3 Nf6 2. g3 d5 3. Bg2 c6 4. O-O Bg4 5. c4 e6 6. d3 Be7 7. Qb3 Qb6 8. Qxb6
axb6 9. h3 Bh5 10. g4 Bg6 11. Ne5 Nbd7 12. Nxg6 hxg6 13. Nc3 d4 14. Nb1 Nh7 15.
Na3 Bxa3 16. bxa3 Nhf8 17. f4 e5 18. fxe5 Ne6 19. Rb1 O-O 20. e3 Nxe5 21. exd4
Nxd4 22. Be3 Rfd8 23. Bxd4 Rxd4 24. Rxb6 Rd7 25. Rfb1 Ra7 26. Be4 Nxd3 27. Bxd3
Rxd3 28. Rxb7 Raxa3 29. R7b3 Rxh3 30. Rxh3 Rxh3 31. Rb6 Ra3 32. Kg2 Rxa2+ 33.
Kg3 Ra3+ 34. Kf2 Kf8 35. Rxc6 Ke7 36. Rc7+ Ke6 37. Kg2 Rd3 38. Kf2 g5 39. c5
Rd7 40. Rc8 Re7 41. Rc6+ Kd5 42. Rc8 Ke4 43. Kg3 f6 44. Rc6 Ra7 45. Rd6 Ra3+
46. Kg2 Rc3 47. Rd7 Kf4 48. Rd4+ Ke5 49. Rd7 Rxc5 50. Rxg7 Rc2+ 51. Kg3 Rc3+
52. Kg2 Kf4 53. Rf7 Rc6 54. Kh3 Re6 55. Rf8 Kf3 56. Rf7 Kf2 57. Kh2 Kf1 58. Kh1
Rd6 59. Rf8 Kf2 60. Kh2 Kf3 61. Kh3 Kf4 62. Rf7 Rd3+ 63. Kg2 Rg3+ 64. Kh2 Kxg4
65. Rxf6 Rf3 66. Ra6 Rf2+ 67. Kg1 Kg3 68. Ra3+ Rf3 69. Ra1 Rb3 70. Rc1 g4 71.
Ra1 Kh3 72. Rc1 Rg3+ 73. Kh1 Rd3 74. Kg1 Rd2 75. Rc3+ g3 76. Rc1 Rg2+ 77. Kh1
Rf2 78. Kg1 Re2 79. Ra1 Re3 80. Rb1 g2 81. Ra1 Rf3 82. Rb1 Kg3 83. Rb3 Rxb3
1/2-1/2

[Event "59. Hungria ch 2009"]
[Site "Szeged HUN"]
[Date "2009.08.17"]
[Round "9.4"]
[White "Ruck, Robert"]
[Black "Groszpeter, Attila"]
[Result "1/2-1/2"]
[WhiteElo "2561"]
[BlackElo "2541"]
[PlyCount "89"]
[EventDate "2009.08.09"]
[EventType "tourn"]
[EventRounds "9"]
[EventCountry "HUN"]
[EventCategory "14"]
[Source "lmi"]
[SourceDate "2009.08.09"]

1. Nf3 Nf6 2. c4 g6 3. d4 Bg7 4. g3 c6 5. Nc3 d5 6. Qb3 O-O 7. Bg2 dxc4 8. Qxc4
Be6 9. Qa4 Na6 10. O-O Qb6 11. e4 Rfd8 12. h3 Ne8 13. Rd1 Qb4 14. Bg5 f6 15.
Bf4 Qxb2 16. Rdc1 Qb4 17. Qc2 Qa5 18. Rab1 Rd7 19. Rb2 Rc8 20. Qb1 g5 21. Bd2
Nd6 22. Nb5 Qd8 23. Nxd6 exd6 24. Rxb7 Rxb7 25. Qxb7 Qb6 26. Qe7 Bxa2 27. Qxd6
c5 28. Qxb6 axb6 29. Bf1 Nb8 30. dxc5 bxc5 31. Be3 Nd7 32. Bb5 Be6 33. Kg2 Bf8
34. Nd2 Kf7 35. f4 gxf4 36. gxf4 f5 37. e5 Nb6 38. Kf3 Be7 39. Ra1 Ra8 40. Rxa8
Nxa8 41. Ke2 Nc7 42. Bc4 Bxc4+ 43. Nxc4 Ke6 44. Kd3 Nd5 45. Bd2 1/2-1/2